000 00452nam a2200181Ia 4500
001 3076
005 20260306144854.0
008 260306t2018||||xx |||||||||||||| ||spa||
041 _aESP
082 _a249.8
_bC28M
100 _aCarravilla Parra, María Jesús
_eAUT
245 0 _aMatrimonio y familia:
_bantropología y ética
260 _c2018
300 _a162 páginas :
_c24 cm.
650 _aGEN
654 _aCHU
942 _cLIB
_dJUS
_fJUS
_2ddc
_n
999 _c3076
_d3076